История буддизма (Запись № 223414)

Подробности
000 -МАРКЕР
контрольное поле 01878nam0a22003971 4500
001 - ИДЕНТИФИКАТОР ЗАПИСИ
контрольное поле RU\NLR\bibl\43630
005 - ИДЕНТИФИКАТОР ВЕРСИИ
контрольное поле 20260406054338.0
010 ## - МЕЖДУНАРОДНЫЙ СТАНДАРТНЫЙ НОМЕР КНИГИ (ISBN)
Номер (ISBN) 5-8071-0025-5
Тираж 2000
021 ## - НОМЕР ГОСУДАРСТВЕННОЙ РЕГИСТРАЦИИ
Код страны Российская Федерация
Номер 99-21416
Номер Листа государственной регистраци 1043
035 ## - ДРУГИЕ СИСТЕМНЫЕ НОМЕРА
Идентификатор записи (NLR Aleph) 000042542
100 ## - ДАННЫЕ ОБЩЕЙ ОБРАБОТКИ
Данные общей обработки 19990817d1999 |||y0rusy50 ca
101 1# - ЯЗЫК РЕСУРСА
Язык текста, звукозаписи и т.д. русский
Язык оригинала английский
Язык промежуточного перевода тибетский
102 ## - СТРАНА ПУБЛИКАЦИИ ИЛИ ПРОИЗВОДСТВА
Страна публикации Российская Федерация
105 ## - ПОЛЕ КОДИРОВАННЫХ ДАННЫХ: ТЕКСТОВЫЕ МАТЕРИАЛЫ, МОНОГРАФИЧЕСКИЕ
Кодированные данные о монографическом текстовом документе y |||||||||
200 1# - ЗАГЛАВИЕ И СВЕДЕНИЯ ОБ ОТВЕТСТВЕННОСТИ
Основное заглавие История буддизма
Первые сведения об ответственности Будон Ринчендуб
Последующие сведения об ответственности Пер. с тибет. Е.Е. Обермиллера
-- Пер. с англ. А.М. Донца
210 ## - ПУБЛИКАЦИЯ, РАСПРОСТРАНЕНИЕ И ДР.
Место издания, распространения и т.д. СПб.
Имя издателя, распространителя и т. д. Евразия
Дата издания, распространения и т.д. 1999
215 ## - ФИЗИЧЕСКАЯ ХАРАКТЕРИСТИКА
Специфическое обозначение материала и объем 335 с.
Размеры 24
Другие сведения о физической характеристике портр.
225 1# - СЕРИЯ
Основное заглавие серии Пилигрим
300 ## - ОБЩИЕ ПРИМЕЧАНИЯ
Текст примечания Подлинник на тибет. яз. На доп. тит. л.: History of Duddhism (Chos-'byung): The jewelry of scripture / By Bu-ston; Transl. from Tibetan by Dr. E. Obermiller. - Heidelberg; Leipzig : In Komiss. bei Harrassowitz, 1931
320 ## - ПРИМЕЧАНИЯ О НАЛИЧИИ В ДОКУМЕНТЕ БИБЛИОГРАФИИ / УКАЗАТЕЛЯ
Текст примечания Библиогр.: c. 307 и в подстроч. примеч. Указ. санскрит. текстов, терминов и имен на санскрите и тибет. яз.: с. 308-327
453 #0 - ПЕРЕВОД
Встроенное поле 2001#$aHistory of Buddhism
-- 700#1$aBu-ston Rin-chen-grub$f1290-1364$3RU\NLR\AUTH\770185696$4070
Заглавие History of Buddhism
Автор Bu-ston Rin-chen-grub (1290-1364)
606 0# - НАИМЕНОВАНИЕ ТЕМЫ КАК ПРЕДМЕТ
Наименование темы Буддизм
Системный номер авторитетной/нормативной записи 1062925
Идентификатор авторитетной/нормативной записи RU\NLR\auth\6694377
686 ## - ИНДЕКСЫ ДРУГИХ КЛАССИФИКАЦИЙ
Индекс Э35,0
700 #0 - ИМЯ ЛИЦА - ПЕРВИЧНАЯ ОТВЕТСТВЕННОСТЬ
Код отношения Автор
Графика поля Кириллица
Материалы, к которым относится поле rus
Начальный элемент ввода Будон
Даты 1290-1364
Системный номер авторитетной/нормативной записи 118790
Идентификатор авторитетной/нормативной записи RU\NLR\AUTH\778911
702 #1 - ИМЯ ЛИЦА - ВТОРИЧНАЯ ОТВЕТСТВЕННОСТЬ
Начальный элемент ввода Обермиллер
Часть имени, кроме начального элемента ввода Е. Е.
Даты 1901-1935
Расширение инициалов личного имени Евгений Евгеньевич
Код отношения Переводчик
801 #0 - ИСТОЧНИК ЗАПИСИ
Страна Российская Федерация
Организация NLR
Дата составления 19990817
Правила каталогизации PSBO
801 #1 - ИСТОЧНИК ЗАПИСИ
Страна Российская Федерация
Организация NLR
Дата составления 19990817
852 ## - МЕСТОНАХОЖДЕНИЕ И ШИФР ХРАНЕНИЯ
Идентификатор организации NLR
Наименование фонда или коллекции (Sub-Location Identifier) ОЛСАА-сл-спр
Шифр хранения (Call Number) 4-1094
852 ## - МЕСТОНАХОЖДЕНИЕ И ШИФР ХРАНЕНИЯ
Идентификатор организации NLR
Шифр хранения (Call Number) 99-7/1312
942 ## - ДОПОЛНИТЕЛЬНЫЕ ЭЛЕМЕНТЫ ЗАПИСИ (АБИС)
Тип экземпляра АБИС Книга
980 ## - КОЛЛЕКЦИЯ
Название коллекции Национальная библиография
980 1# - КОЛЛЕКЦИЯ
Название коллекции ОЛСАА Словарно-справочная
Экземпляры
Тип экземпляра Дата поступления Источник поступления Стоимость Библиотека постоянного хранения Библиотека текущего хранения Место хранения Штрих-код Статус экземпляра Шифр хранения
Книга 15.02.2005 Подсобные фонды РНБ 300.00 РНБ (Садовая) РНБ (Садовая) Фонд международного книгообмена 1-301325    
Книга 22.04.2005 Подсобные фонды РНБ 125.00 РНБ (Садовая) РНБ (Садовая) Фонд научного зала социально-экономической литературы 1-143610   С2 Э35/Б-903
Книга 30.06.2014 Источник неизвестен   РНБ (Фонтанка) РНБ (Фонтанка) Юношеский читальный зал 1-547422   Ю Э3/Б-90